000
00338 a2200157 4500
001
45535
020
_a
9788572085472
040
_c
Anchieta - Aquarius
100
_a
Leite, Marcia
240
1
0
_a
Eu sou assim, viu?
_l
por
245
1
0
_a
Eu sou assim, viu?
300
_a
29
362
0
_a
2008
650
4
_a
Literatura juvenil
942
_c
BK
999
_c
45535
_d
45535